|
LDR
| 02461nam a2200709 i 4500 |
|---|
| 001 | 50246 |
|---|
| 003 | CZ-PrJAB |
|---|
| 005 | 20211014140853.0 |
|---|
| 007 | ta |
|---|
| 008 | 211014s2021 xr c e 001 0dcze d |
|---|
| 015 | | . |
‡acnb003369020 |
|---|
| 020 | | . |
‡a978-80-7017-298-8
‡q(vázáno) |
|---|
| 035 | | . |
‡a(CZ PrSKC)001024108 |
|---|
| 040 | | . |
‡aHKA001
‡bcze
‡erda |
|---|
| 043 | | . |
‡ae-xr--- |
|---|
| 045 | | . |
‡ax-y- |
|---|
| 072 | | 7. |
‡a393
‡xSmrt. Pohřby. Obyčeje při úmrtí
‡2Konspekt
‡91 |
|---|
| 072 | | 7. |
‡a929
‡xBiografie
‡2Konspekt
‡98 |
|---|
| 080 | | . |
‡a393
‡2MRF |
|---|
| 080 | | . |
‡a929-058.1
‡2MRF |
|---|
| 080 | | . |
‡a(437.3)
‡2MRF |
|---|
| 080 | | . |
‡a(047.53)
‡2MRF |
|---|
| 100 | 1 | . |
‡aPlzák, Michal,
‡d1963-
‡7jn99240000881
‡4aut |
|---|
| 245 | 1 | 0. |
‡aPro smrt uděláno :
‡bživé rozhovory o posledních věcech /
‡cMichal Plzák a Lucie Vopálenská ; fotografie František Plzák |
|---|
| 250 | | . |
‡aPrvní vydání |
|---|
| 264 | | 1. |
‡aPraha :
‡bKalich, nakladatelství a knihkupectví s. r. o.,
‡c2021 |
|---|
| 300 | | . |
‡a677 stran :
‡bportréty ;
‡c24 cm |
|---|
| 336 | | . |
‡atext
‡btxt
‡2rdacontent |
|---|
| 337 | | . |
‡abez média
‡bn
‡2rdamedia |
|---|
| 338 | | . |
‡asvazek
‡bnc
‡2rdacarrier |
|---|
| 500 | | . |
‡aObsahuje rejstřík |
|---|
| 650 | 0 | 7. |
‡asmrt
‡7ph116193
‡2czenas |
|---|
| 650 | 0 | 7. |
‡aosobnosti
‡7ph115615
‡zČesko
‡y20.-21. století
‡2czenas |
|---|
| 655 | | 7. |
‡arozhovory
‡7fd133303
‡2czenas |
|---|
| 700 | 1 | . |
‡aVopálenská, Lucie,
‡d1972-
‡7xx0052290
‡4aut |
|---|
| 700 | 1 | . |
‡aPlzák, František,
‡d1996-
‡7hka20211128280
‡4pht |
|---|
| 910 | | . |
‡aABG312 |
|---|
| 995 | | . |
‡aska |
|---|
| 901 | | . |
‡a50246
‡bAUTOGEN
‡c50246
‡tbiblio |
|---|